[Event "chess.com SpeedChess 2023"]
[Site "chess.com INT"]
[Date "2023.09.14"]
[Round "2.25"]
[White "Nakamura,Hi"]
[Black "Caruana,F"]
[Result "1-0"]
[WhiteElo "2780"]
[BlackElo "2786"]

1.e4 e5 2.Nc3 Nc6 3.g3 Nf6 4.Bg2 Bc5 5.d3 h5 6.h3 d6 7.Nge2 Be6 8.f4 Nd4
9.Nxd4 Bxd4 10.Qe2 c6 11.Be3 Qb6 12.Bxd4 exd4 13.Nd1 O-O-O 14.O-O g6 15.Kh1 d5
16.e5 Ng8 17.a3 Ne7 18.b4 Nf5 19.Kh2 h4 20.g4 Ng3 21.Qf2 Nxf1+ 22.Bxf1 Kb8
23.Nb2 Bc8 24.Na4 Qc7 25.g5 f6 26.gxf6 g5 27.Qxd4 gxf4 28.Qxf4 d4 29.Re1 Rh5
30.Nc5 Rf5 31.Qxh4 b6 32.Ne4 Qxe5+ 33.Qg3 Rf4 34.Bg2 Rh8 35.Rf1 Rf5 36.Rxf5  1-0

[Event "chess.com SpeedChess 2023"]
[Site "chess.com INT"]
[Date "2023.09.14"]
[Round "2.8"]
[White "Caruana,F"]
[Black "Nakamura,Hi"]
[Result "1/2-1/2"]
[WhiteElo "2786"]
[BlackElo "2780"]

1.e4 h6 2.d4 c6 3.Nc3 d5 4.Nf3 dxe4 5.Nxe4 Nf6 6.Bd3 Nxe4 7.Bxe4 Bf5 8.Qe2 Bxe4
9.Qxe4 Qa5+ 10.Bd2 Qa6 11.Ne5 Nd7 12.Nxd7 Kxd7 13.d5 cxd5 14.Qxd5+ Ke8 15.O-O-O e6
16.Qb3 Be7 17.Bc3 Bf6 18.Bxf6 gxf6 19.Kb1 Rc8 20.a3 Rg8 21.g3 Rg5 22.Rhe1 Qc4
23.Qxb7 Qxc2+ 24.Ka1 Qc7 25.Qf3 Ke7 26.Qe3 Qb6 27.Qd2 Rgc5 28.Re2 Qb3 29.h4 a5
30.Re3 Qxd1+ 31.Qxd1 Rc1+ 32.Qxc1 Rxc1+ 33.Ka2 Rc2 34.f4 Rg2 35.Kb3 Kd6 36.Kc3 e5
37.b4 axb4+ 38.axb4 exf4 39.gxf4 Rg4 40.Rd3+ Kc6 41.b5+ Kxb5 42.Rd5+ Kc6
43.Rf5 Rxh4 44.Rxf6+ Kd5 45.Kd3 Rh3+ 46.Ke2 Ke4 47.Rxf7 Rh2+ 48.Kf1 Kf3 49.Kg1 Rg2+
50.Kh1 Rg4 51.Ra7 Rxf4 52.Ra3+ Kg4 53.Kg2 Rb4 54.Rg3+ Kf5 55.Rf3+ Kg5 56.Rg3+ Rg4
57.Rxg4+ Kxg4 58.Kg1 h5 59.Kh1 h4 60.Kg1 h3 61.Kh1 Kh4 62.Kg1 Kg3 63.Kh1 h2  1/2-1/2

[Event "chess.com SpeedChess 2023"]
[Site "chess.com INT"]
[Date "2023.09.14"]
[Round "2.9"]
[White "Nakamura,Hi"]
[Black "Caruana,F"]
[Result "1-0"]
[WhiteElo "2780"]
[BlackElo "2786"]

1.Nh3 e5 2.g3 d5 3.Bg2 Nc6 4.d3 h5 5.f3 h4 6.g4 Bc5 7.e3 d4 8.e4 Nge7 9.f4 exf4
10.Nxf4 h3 11.Nxh3 Ng6 12.Nf2 Nh4 13.O-O Nxg2 14.Kxg2 Bd6 15.Rh1 Ne5 16.Nd2 Qf6
17.h3 Bd7 18.Nf3 Ng6 19.Bg5 Nf4+ 20.Kf1 Qg6 21.e5 Bxe5 22.Qe1 O-O 23.Nxe5 Qxg5
24.Nxd7 Rfe8 25.Ne4 Qg6 26.Qg3 Nd5 27.Ne5 Qb6 28.Nc4 Qc6 29.Kg1 b5 30.Ncd2 Qxc2
31.Rh2 Qxb2 32.Re1 Qxa2 33.g5 Re6 34.Nf3 Qa5 35.Nxd4 Qb6 36.Qf2 Re5 37.Nf3 Rf5
38.Qxb6 cxb6 39.Nd4 Re5 40.Nxb5 Nf4 41.Nbd6 Nxd3 42.Rf1 Rf8 43.Rc2 Nc5 44.Nxc5 Rxg5+
45.Kh2 Rxc5 46.Rcf2 Rc7 47.h4 Rd7 48.Nf5 g6 49.Rg2 Kh7 50.Ne3 Rd4 51.Ng4 Kg7
52.h5 Rh8 53.h6+ Kf8 54.Kg3 f5 55.Ne5 Rxh6 56.Rc2 Kg7 57.Rc7+ Kf6 58.Re1 Re4
59.Rxe4  1-0

[Event "chess.com SpeedChess 2023"]
[Site "chess.com INT"]
[Date "2023.09.14"]
[Round "2.6"]
[White "Caruana,F"]
[Black "Nakamura,Hi"]
[Result "1/2-1/2"]
[WhiteElo "2786"]
[BlackElo "2780"]

1.e4 h6 2.d4 c6 3.Nc3 d5 4.e5 Bf5 5.g4 Bd7 6.Be3 e6 7.h4 c5 8.dxc5 Qc7 9.Nb5 Bxb5
10.Bxb5+ Nd7 11.Qd2 Bxc5 12.Bxd7+ Kxd7 13.O-O-O Rc8 14.Bxc5 Qxc5 15.f4 h5
16.gxh5 Ne7 17.Nf3 Nf5 18.Kb1 Rxh5 19.Ng5 Ke8 20.Rh3 Qe7 21.Rc3 Rxc3 22.Qxc3 Qd7
23.Nf3 a6 24.Qc5 Qc6 25.Qa7 Qc8 26.a3 Ne7 27.Rd3 Nc6 28.Qb6 Rf5 29.Qe3 Kf8
30.Ng5 Qd8 31.Rb3 Qe7 32.Qg3 Kg8 33.Qg4 f6 34.Nxe6 Qxe6 35.Rxb7 Ne7 36.Rxe7 Qxe7
37.Qxf5 fxe5 38.Qxe5 Qxh4 39.Qxd5+ Kh7 40.Qd3+ g6 41.Qe3 Qh1+ 42.Ka2 Qg2
43.c4 Qf1 44.Qe4 a5 45.c5 Qc1 46.c6 Qc5 47.b4 Qc3 48.bxa5 Qxa5 49.Qc4 Qd2+
50.Kb3 Qe3+ 51.Ka4 Qa7+ 52.Kb4 Qb6+ 53.Ka4 Qa7+ 54.Kb5 Qb8+ 55.Kc5 Qf8+ 56.Kb5 Qb8+
57.Ka4 Qa7+  1/2-1/2

[Event "chess.com SpeedChess 2023"]
[Site "chess.com INT"]
[Date "2023.09.14"]
[Round "2.26"]
[White "Caruana,F"]
[Black "Nakamura,Hi"]
[Result "0-1"]
[WhiteElo "2786"]
[BlackElo "2780"]

1.e4 e5 2.Nc3 Nc6 3.Nf3 Nf6 4.Bb5 Bb4 5.d3 O-O 6.O-O d6 7.Ne2 Ne7 8.c3 Bc5
9.Ng3 c6 10.Ba4 Ng6 11.Bc2 d5 12.exd5 cxd5 13.d4 exd4 14.Nxd4 h6 15.h3 Re8
16.Ngf5 Bxf5 17.Nxf5 Qc7 18.Qf3 Re6 19.Bd2 Rae8 20.Rae1 Rxe1 21.Rxe1 Rxe1+
22.Bxe1 Qb6 23.b4 Bf8 24.Bd2 Qe6 25.Nd4 Qe8 26.Bxg6 fxg6 27.Bf4 Ne4 28.a4 Be7
29.Be5 Bxb4 30.cxb4 Qxe5 31.Qe3 Qd6 32.b5 a5 33.f3 Nc5 34.h4 b6 35.Kf2 Kh7
36.g3 Nxa4 37.Ne6 Nc5 38.Nxc5 bxc5 39.Qe8 a4 40.h5 a3 41.Qa8 c4 42.Qa7 gxh5
43.b6 Qc5+ 44.Ke2 a2  0-1

[Event "chess.com SpeedChess 2023"]
[Site "chess.com INT"]
[Date "2023.09.14"]
[Round "2.7"]
[White "Nakamura,Hi"]
[Black "Caruana,F"]
[Result "0-1"]
[WhiteElo "2780"]
[BlackElo "2786"]

1.Nh3 d5 2.g3 h5 3.Bg2 h4 4.d4 Nf6 5.Nc3 Bf5 6.f3 Nc6 7.g4 Bh7 8.Bg5 e6 9.a3 Be7
10.O-O Nd7 11.Bc1 Nxd4 12.e4 dxe4 13.Nxe4 Ne5 14.Nhg5 Bg6 15.Be3 h3 16.Qxd4 hxg2
17.Kxg2 Qd5 18.Rad1 Nc4 19.Bc1 Qxd4 20.Rxd4 b5 21.b3 Nxa3 22.Bxa3 Bxa3 23.f4 Bxe4+
24.Rxe4 O-O 25.f5 exf5 26.Rxf5 c6 27.h4 a5 28.Nf3 Bb2 29.Nd4 a4 30.Nxc6 g6
31.Rxb5 a3 32.Nb4 a2 33.Nxa2 Rxa2 34.Rc5 Rd8 35.h5 Kg7 36.hxg6 Kxg6 37.Kf3 Ra1
38.Rc6+ Kg7 39.Re2 Rf1+ 40.Rf2 Re1 41.Rc7 Rd6 42.Kg2 Rf6 43.b4 Bd4 44.Rxf6 Kxf6
45.b5 Rb1 46.c4 Rb3 47.Kf1 Kg6 48.Ke2 f6 49.Kd2 Kg5 50.Kc2 Rb4 51.Kd3 Bg1
52.Rg7+ Kf4 53.Rg6 Ke5 54.g5 f5 55.Rg8 Rb3+ 56.Kc2 Rg3 57.g6 Kf4 58.g7 Bd4
59.b6 Rxg7 60.Rb8 Rg6 61.b7 Rb6 62.c5 Bxc5 63.Kd3 Bd6 64.Rd8 Be5 65.Rd7 Rb4
66.Rh7 Kg4 67.Re7 Bf4 68.Kc3 Rb1 69.Kc4 Kf3 70.Rf7 Ke4  0-1

[Event "chess.com SpeedChess 2023"]
[Site "chess.com INT"]
[Date "2023.09.14"]
[Round "2.1"]
[White "Nakamura,Hi"]
[Black "Caruana,F"]
[Result "0-1"]
[WhiteElo "2780"]
[BlackElo "2786"]

1.c3 d5 2.d4 Nf6 3.Nf3 Bf5 4.Qb3 Qc8 5.c4 dxc4 6.Qxc4 e6 7.Nc3 a6 8.Bf4 Nc6
9.Rc1 Bd6 10.g3 Bxf4 11.gxf4 O-O 12.Bg2 Ne7 13.Ne5 Ng6 14.e3 Nh4 15.Rg1 Nxg2+
16.Rxg2 Nd7 17.Rg3 Nxe5 18.dxe5 Bg6 19.Ne2 Qd7 20.b4 Rac8 21.Nd4 Rfd8 22.Kf1 a5
23.a3 Qa4 24.Qc3 axb4 25.axb4 b6 26.b5 Rd5 27.Qb2 Bd3+ 28.Kg1 Bxb5 29.f5 exf5
30.Nxf5 Rd1+ 31.Kg2 Rxc1 32.e6 Qe4+ 33.Rf3 f6 34.Qxc1 Be2 35.Ne7+ Kh8 36.Nxc8 Qxf3+  0-1

[Event "chess.com SpeedChess 2023"]
[Site "chess.com INT"]
[Date "2023.09.14"]
[Round "2.27"]
[White "Nakamura,Hi"]
[Black "Caruana,F"]
[Result "0-1"]
[WhiteElo "2780"]
[BlackElo "2786"]

1.e4 e6 2.Nc3 d5 3.d4 Nf6 4.e5 Nfd7 5.f4 c5 6.Nf3 Nc6 7.Ne2 Be7 8.g3 O-O
9.c3 b5 10.a3 a5 11.Bh3 a4 12.O-O Nb6 13.dxc5 Bxc5+ 14.Ned4 Nc4 15.Kh1 Nxd4
16.Nxd4 Bd7 17.Rf2 Qb6 18.Bf1 Rae8 19.Bd3 f6 20.Qh5 f5 21.Bxc4 dxc4 22.Be3 Rd8
23.Kg1 Bc8 24.Rd1 Bb7 25.Rfd2 Bxd4 26.Bxd4 Qc6 27.Qh3 Qh1+ 28.Kf2 Qf3+ 29.Ke1 Rd7
30.Qf1 Qh5 31.Bc5 Rxd2 32.Rxd2 Rc8 33.Be3 h6 34.h3 b4 35.axb4 Ra8 36.Rc2 a3
37.bxa3 Rxa3 38.Kd2 Be4 39.Rb2 Bd3 40.Qe1 Qxh3 41.b5 Ra1 42.Qxa1 Qg2+ 43.Ke1 Qf1+  0-1

[Event "chess.com SpeedChess 2023"]
[Site "chess.com INT"]
[Date "2023.09.14"]
[Round "2.18"]
[White "Caruana,F"]
[Black "Nakamura,Hi"]
[Result "0-1"]
[WhiteElo "2786"]
[BlackElo "2780"]

1.d4 Nf6 2.Nf3 d5 3.Bf4 c5 4.e3 e6 5.Nbd2 Bd6 6.Bg3 Qc7 7.c3 Nbd7 8.Bd3 e5
9.dxe5 Nxe5 10.Nxe5 Bxe5 11.Nf3 Bxg3 12.hxg3 Bd7 13.Qd2 Bc6 14.a4 O-O-O 15.Bb5 Ne4
16.Qc2 Kb8 17.Nd2 Nd6 18.Bxc6 Qxc6 19.O-O h5 20.Nf3 f6 21.Rfd1 g5 22.b4 h4
23.bxc5 Ne4 24.gxh4 gxh4 25.Rab1 Qxc5 26.Rdc1 h3 27.g3 h2+ 28.Kg2 Qc8 29.Nd4 Rdg8
30.Kh1 Rxg3 31.fxg3 Nxg3+ 32.Kg2 Qh3+ 33.Kf2 Ne4+ 34.Ke2 Qg2+  0-1

[Event "chess.com SpeedChess 2023"]
[Site "chess.com INT"]
[Date "2023.09.14"]
[Round "2.24"]
[White "Caruana,F"]
[Black "Nakamura,Hi"]
[Result "0-1"]
[WhiteElo "2786"]
[BlackElo "2780"]

1.d4 Nf6 2.c4 g6 3.Nc3 d5 4.cxd5 Nxd5 5.e4 Nxc3 6.bxc3 Bg7 7.Bc4 c5 8.Ne2 Nc6
9.Be3 O-O 10.h4 Na5 11.Bd3 b5 12.h5 Nc4 13.hxg6 hxg6 14.Bh6 cxd4 15.Qc1 Ne5
16.Bxb5 d3 17.Nd4 Bf6 18.Bxf8 Qxf8 19.f4 Ng4 20.Bxd3 e5 21.fxe5 Bxe5 22.Qg5 Qd6
23.Ke2 Bf6 24.Qd5 Qg3 25.Kd2 Rb8 26.Rae1 Qf4+ 27.Kc2 Ne3+ 28.Rxe3 Qxe3 29.Rf1 Rb6
30.Bc4 Be6 31.Qa8+ Kg7 32.Bxe6 Rxe6 33.Nxe6+ fxe6 34.Qb7+ Kh6 35.Qb5 Qxc3+
36.Kd1 Bg5 37.Ke2 Qe3+ 38.Kd1 Qd2+  0-1

[Event "chess.com SpeedChess 2023"]
[Site "chess.com INT"]
[Date "2023.09.14"]
[Round "2.23"]
[White "Nakamura,Hi"]
[Black "Caruana,F"]
[Result "1-0"]
[WhiteElo "2780"]
[BlackElo "2786"]

1.e4 c5 2.c3 e6 3.d4 cxd4 4.cxd4 d5 5.e5 Nc6 6.Nf3 Nge7 7.Na3 Nf5 8.Nc2 Be7
9.Bd3 h6 10.O-O O-O 11.b3 Bd7 12.Bb2 Rc8 13.Ne3 Nxe3 14.fxe3 Nb4 15.Bb1 Bb5
16.Rf2 f5 17.exf6 Bxf6 18.a3 Na6 19.a4 Be8 20.Qd3 g6 21.e4 Bg7 22.Qe3 Nb4
23.exd5 exd5 24.Ba3 Qd6 25.Ne5 Rxf2 26.Qxf2 Bxe5 27.dxe5 Qxe5 28.Bb2 d4 29.h4 Bf7
30.h5 gxh5 31.Bf5 Rc3 32.Bxc3 dxc3 33.Re1 Qf6 34.Rf1 Kg7 35.Qg3+ Kf8 36.Bg6  1-0

[Event "chess.com SpeedChess 2023"]
[Site "chess.com INT"]
[Date "2023.09.14"]
[Round "2.22"]
[White "Caruana,F"]
[Black "Nakamura,Hi"]
[Result "0-1"]
[WhiteElo "2786"]
[BlackElo "2780"]

1.d4 Nf6 2.Nf3 b6 3.c4 Bb7 4.Nc3 e6 5.g3 d5 6.Bg2 dxc4 7.O-O a6 8.a4 Nbd7
9.Qc2 c5 10.Rd1 cxd4 11.Nxd4 Bxg2 12.Kxg2 Qc7 13.f3 Bb4 14.Ne4 Nxe4 15.Qxe4 Rc8
16.Bf4 e5 17.Nf5 O-O 18.Bh6 g6 19.Bxf8 gxf5 20.Qxf5 Nxf8 21.Rd5 Re8 22.Rad1 Qe7
23.Qg4+ Ng6 24.Qxc4 a5 25.Rd7 Qe6 26.Qxe6 Rxe6 27.Rc7 Bc5 28.e4 Nf8 29.h4 Kg7
30.g4 Ng6 31.Kg3 Bd4 32.g5 Nf4 33.b3 h5 34.Rd2 Rd6 35.Rdc2 Be3 36.R7c3 Bc5
37.Rxc5 bxc5 38.Rxc5 f6  0-1

[Event "chess.com SpeedChess 2023"]
[Site "chess.com INT"]
[Date "2023.09.14"]
[Round "2.21"]
[White "Nakamura,Hi"]
[Black "Caruana,F"]
[Result "1-0"]
[WhiteElo "2780"]
[BlackElo "2786"]

1.Nf3 d5 2.b3 Nf6 3.Bb2 c5 4.e3 Nc6 5.c4 e6 6.cxd5 exd5 7.Bb5 Bd7 8.O-O Bd6
9.d4 cxd4 10.Nxd4 O-O 11.Nd2 a6 12.Be2 Re8 13.Rc1 Rc8 14.Nxc6 bxc6 15.Bxa6 Ra8
16.Bd3 Rxa2 17.Bd4 Ng4 18.Nf3 h6 19.b4 Bxb4 20.Qb3 Qa5 21.Ra1 Ra3 22.Rxa3 Qxa3
23.Qb1 c5 24.Bb2 Qa5 25.Bh7+ Kf8 26.Bf5 Qc7 27.Bxd7 Qxd7 28.Qh7 f6 29.Nh4 Qe6
30.Ng6+ Kf7 31.Ra1 Qe4 32.h3 Nxf2 33.Ra7+ Ke6 34.Nf4+ Kd6 35.Ra6+ Kd7 36.Qxg7+ Re7
37.Ra7+ Kd8 38.Qf8+  1-0

[Event "chess.com SpeedChess 2023"]
[Site "chess.com INT"]
[Date "2023.09.14"]
[Round "2.2"]
[White "Caruana,F"]
[Black "Nakamura,Hi"]
[Result "0-1"]
[WhiteElo "2786"]
[BlackElo "2780"]

1.e4 a6 2.d4 e6 3.Nc3 b5 4.a3 Bb7 5.Nf3 c5 6.d5 exd5 7.Nxd5 Bxd5 8.exd5 d6
9.c4 bxc4 10.Bxc4 Nf6 11.O-O Be7 12.Nh4 O-O 13.Nf5 Ne8 14.Re1 Bf6 15.Bf4 Nd7
16.Nxd6 Nb6 17.Nxe8 Rxe8 18.Rxe8+ Qxe8 19.Be2 Bxb2 20.Rb1 Na4 21.Qc2 Bd4
22.Bf3 Nc3 23.Rc1 Rd8 24.d6 Nb5 25.Qa4 Nxd6 26.Qxa6 Ne4 27.Bg3 Nxg3 28.hxg3 Qe5
29.Rd1 Rb8 30.a4 g6 31.Qd3 Rb2 32.Rf1 Rxf2 33.Rxf2 Qe1+ 34.Kh2 Bxf2 35.Qd1 Bxg3+
36.Kh3 Qe5 37.Qd5 Qc7 38.a5 Be1 39.Qg5 Bxa5 40.Bd5 Qd7+ 41.g4 Bc7 42.Bc4 Qd6  0-1

[Event "chess.com SpeedChess 2023"]
[Site "chess.com INT"]
[Date "2023.09.14"]
[Round "2.3"]
[White "Nakamura,Hi"]
[Black "Caruana,F"]
[Result "1-0"]
[WhiteElo "2780"]
[BlackElo "2786"]

1.h3 e5 2.c4 Nf6 3.Nc3 Bb4 4.g4 O-O 5.Bg2 c6 6.Qb3 Na6 7.a3 Bxc3 8.Qxc3 Re8
9.Nf3 d5 10.Nxe5 Ne4 11.Bxe4 dxe4 12.c5 Qd5 13.Nc4 Nxc5 14.Ne3 Qd6 15.b4 Na4
16.Qc2 b5 17.Bb2 a5 18.bxa5 Rxa5 19.Rg1 c5 20.Rg3 c4 21.Bc3 Ra7 22.Rb1 Bd7
23.Nf5 Bxf5 24.gxf5 Nxc3 25.Qxc3 g6 26.Rxb5 Rea8 27.fxg6 hxg6 28.Rh5 Kf8
29.Rh8+ Ke7 30.Rxa8 Rxa8 31.Qxc4 Qe5 32.Kf1 Rd8 33.Rg4 Rd4 34.Qc2 Qd5 35.e3 Rc4
36.Qb1 Kf8 37.Kg2 Qf5 38.Rf4 Qg5+ 39.Kh2 Qd5 40.Qb2 Ke8 41.Qh8+ Ke7 42.h4 Rc2
43.Qf6+ Ke8 44.Qg5 Qxg5 45.hxg5 Rxd2 46.Rxe4+ Kd7 47.Rd4+  1-0

[Event "chess.com SpeedChess 2023"]
[Site "chess.com INT"]
[Date "2023.09.14"]
[Round "2.4"]
[White "Caruana,F"]
[Black "Nakamura,Hi"]
[Result "1/2-1/2"]
[WhiteElo "2786"]
[BlackElo "2780"]

1.e4 a6 2.d4 e6 3.Nc3 b5 4.a3 Bb7 5.Nf3 d6 6.d5 e5 7.a4 b4 8.Na2 c5 9.dxc6 Nxc6
10.Bc4 Nf6 11.Ng5 d5 12.exd5 Na5 13.Be2 Bxd5 14.O-O Be7 15.Bd2 Qb6 16.Qe1 Rb8
17.Bf3 Nc6 18.Bxd5 Nxd5 19.Nf3 O-O 20.Nxe5 Nxe5 21.Qxe5 Rbd8 22.Rad1 Qc6
23.Qe4 Qxa4 24.Bxb4 Nxb4 25.Qxe7 Rxd1 26.Rxd1 Qxc2 27.Rc1 Qxb2 28.Qxb4 Qxa2
29.g3 h5 30.h4 Qd5 31.Rc5 Qf3 32.Rc3 Qa8 33.Qa5 Rd8 34.Rc1 g6 35.Rb1 Rc8
36.Ra1 Rc6 37.Rb1 Qc8 38.Kg2 Rf6 39.Qd5 Rxf2+ 40.Kxf2 Qc2+ 41.Kf3 Qxb1 42.Qa8+ Kh7
43.Qxa6 Qh1+ 44.Kf2 Qe4 45.Qa7 Qe6 46.Kg2 Kg7 47.Qd4+ Qf6 48.Qa7 Qf5 49.Qd4+ Qf6
50.Qa7 Qc6+ 51.Kf2 Qd5 52.Qa1+ Kf8 53.Qa7 Ke8 54.Qb8+ Ke7 55.Qa7+ Kf6 56.Qb6+ Kf5
57.Qb4 Qe4 58.Qb3 Kg4 59.Qd1+ Kf5 60.Qd7+ Kf6 61.Qd8+ Kg7 62.Qd2 Qe5 63.Qb4 Kf6
64.Qd2 Ke6 65.Qa2+ Kf5 66.Qd2 Qc7 67.Qd5+ Kf6 68.Qd4+ Qe5 69.Qd8+ Kg7 70.Qd2 Qe6
71.Qd3 Kh7 72.Kg2 Qc6+ 73.Kf2 Qc7 74.Kg2 Qb7+ 75.Kf2 Qb8 76.Kg2 Qa7 77.Kh2 f6
78.Kg2 Qe7 79.Qd2 Kg7 80.Qc3 Kf7 81.Qc4+ Kg7 82.Qc3 Qe5 83.Qd2 Qe7 84.Kf2 Qc5+
85.Kg2 Qc6+ 86.Kf2 Kf7 87.Qd3 Qb6+ 88.Kg2 Qe6 89.Qd4 Qe2+ 90.Kg1 Ke6 91.Qc5 Qe5
92.Qc8+ Kd5 93.Qg8+ Ke4 94.Qxg6+ Kf3 95.Qd3+ Kg4 96.Kg2 Qb2+ 97.Kg1 f5 98.Kf1 Qb4
99.Kg1 Qe1+ 100.Kg2 Qe4+ 101.Qxe4+ fxe4 102.Kf2 Kh3 103.Ke3 Kxg3 104.Kxe4 Kg4
105.Ke3 Kxh4 106.Kf2 Kh3 107.Kg1 Kg3 108.Kh1 Kh3 109.Kg1 h4 110.Kh1 Kg3 111.Kg1 h3
112.Kh1 h2  1/2-1/2

[Event "chess.com SpeedChess 2023"]
[Site "chess.com INT"]
[Date "2023.09.14"]
[Round "2.5"]
[White "Nakamura,Hi"]
[Black "Caruana,F"]
[Result "1-0"]
[WhiteElo "2780"]
[BlackElo "2786"]

1.Nh3 d5 2.g3 e5 3.Bg2 c5 4.d3 Nc6 5.Nd2 Nf6 6.e4 Be7 7.O-O O-O 8.c3 Bg4
9.f3 Be6 10.f4 Bg4 11.Qc2 Be2 12.Re1 dxe4 13.dxe4 Bd3 14.Qd1 c4 15.Bf1 Bc5+
16.Kg2 b5 17.Bxd3 Qxd3 18.Qe2 Qxe2+ 19.Rxe2 Rfd8 20.a4 a6 21.Nf3 Ng4 22.Nhg1 Na5
23.h3 Nb3 24.Rb1 Nxc1 25.Rxc1 Ne3+ 26.Kh2 exf4 27.gxf4 bxa4 28.Nd4 Rxd4 29.cxd4 Bxd4
30.Nf3 Bb6 31.Ne5 g5 32.Nxc4 Nxc4 33.Rxc4 gxf4 34.Rec2 Kg7 35.Kg2 Rd8 36.Kf3 a3
37.Rg2+ Kf8 38.bxa3 Rd3+ 39.Kxf4 Rxa3 40.Rc6 Bd4 41.Rd6 Ba1 42.h4 Ke7 43.Rb6 Ra5
44.Rb7+ Kf6 45.Rg5 Be5+ 46.Kg4 Rb5 47.Rf5+ Ke6 48.Rfxf7 Rxb7 49.Rxb7 a5 50.Rxh7 Bc3
51.h5 Ke5 52.Kf3 Kd4 53.h6 a4 54.Ra7  1-0

[Event "chess.com SpeedChess 2023"]
[Site "chess.com INT"]
[Date "2023.09.14"]
[Round "2.20"]
[White "Caruana,F"]
[Black "Nakamura,Hi"]
[Result "1-0"]
[WhiteElo "2786"]
[BlackElo "2780"]

1.d4 Nf6 2.Nf3 d5 3.g3 g6 4.Bg2 Bg7 5.O-O O-O 6.c4 dxc4 7.Na3 c3 8.bxc3 c5
9.e3 Nc6 10.Bb2 Qc7 11.Qe2 Na5 12.Rfd1 Bg4 13.h3 Bxf3 14.Bxf3 Rfd8 15.Rac1 a6
16.c4 Nd7 17.Bg2 Nb6 18.Bc3 Na4 19.Ba1 Rac8 20.h4 Rd6 21.h5 Rcd8 22.Nc2 cxd4
23.Nxd4 e5 24.Nb3 Rxd1+ 25.Rxd1 Rxd1+ 26.Qxd1 Nxc4 27.Qd5 Nab6 28.Qxb7 Qxb7
29.Bxb7 a5 30.Bc3 a4 31.Na5 Nxa5 32.Bxa5 Nc4 33.Bc3 gxh5 34.Bd5 Nd6 35.Bc6 e4
36.Bxg7 Kxg7 37.Bxa4 Kf6 38.Kg2 Kg5 39.Bc6 f5 40.a4 Nc4 41.Bd5 Na5 42.Kh3 Kg6
43.Kh4 h6 44.Ba2 Nc6 45.Bc4 Ne5 46.Be2 Nc6 47.Bxh5+ Kf6 48.Be8 Na5 49.Kh5 Kg7
50.Bd7 Kf6 51.Kxh6 Nb3 52.Kh5 Nc5 53.Bb5 Nb7 54.g4 fxg4 55.Kxg4 Ke5 56.Kg5 Nd6
57.Kg6 Nb7 58.Kf7 Kd6 59.Kf6 Nc5 60.Kf5 Kd5 61.a5 Nd3 62.a6 Nxf2 63.a7 Kc5
64.a8=Q Kxb5 65.Qd5+ Kb4 66.Ke6 Kc3 67.Qd4+ Kc2 68.Kd5 Nd3 69.Qxe4 Kc3 70.Qc4+ Kd2
71.Kd4 Nc1 72.e4 Ne2+ 73.Ke5 Nc3 74.Kf5 Nd1 75.Qd4+ Ke2 76.e5 Ne3+ 77.Kf4 Nc2
78.Qe4+ Kd2 79.e6 Kc3 80.e7 Nd4 81.Qe5 Kc4 82.e8=Q Kd3 83.Qe3+ Kc4 84.Q8e4 Kc5
85.Q3xd4+ Kb5 86.Qb7+ Ka5 87.Qdb4+  1-0

[Event "chess.com SpeedChess 2023"]
[Site "chess.com INT"]
[Date "2023.09.14"]
[Round "2.17"]
[White "Nakamura,Hi"]
[Black "Caruana,F"]
[Result "1-0"]
[WhiteElo "2780"]
[BlackElo "2786"]

1.e3 d5 2.c4 e6 3.Nc3 Nf6 4.g3 Be7 5.d4 O-O 6.cxd5 exd5 7.Bg2 c6 8.f3 Re8
9.Nge2 c5 10.O-O Nc6 11.b3 Bf8 12.g4 h6 13.Ng3 b6 14.Rf2 Ba6 15.Bf1 Bxf1
16.Kxf1 Rc8 17.Nce2 c4 18.bxc4 dxc4 19.e4 Nb4 20.g5 hxg5 21.Bxg5 Be7 22.Nf5 Nxe4
23.Nxe7+ Rxe7 24.fxe4  1-0

[Event "chess.com SpeedChess 2023"]
[Site "chess.com INT"]
[Date "2023.09.14"]
[Round "2.19"]
[White "Nakamura,Hi"]
[Black "Caruana,F"]
[Result "1/2-1/2"]
[WhiteElo "2780"]
[BlackElo "2786"]

1.e4 e6 2.Nc3 d5 3.Nf3 Nf6 4.Qe2 d4 5.Nb1 c5 6.d3 Nc6 7.g3 Be7 8.Bg2 Qc7
9.O-O e5 10.Nbd2 h5 11.h3 Nd7 12.c3 Nb6 13.cxd4 cxd4 14.a3 a5 15.b3 Be6 16.Nc4 Nd7
17.Ng5 Bxg5 18.Bxg5 f6 19.Bd2 Nc5 20.Rab1 a4 21.bxa4 Rxa4 22.Nb6 Rxa3 23.Nd5 Qf7
24.Bc1 Ra6 25.Qc2 Na4 26.Ra1 Nc3 27.Rxa6 bxa6 28.Nxc3 dxc3 29.Qxc3 Nd4 30.Qa3 Qb7
31.Be3 Nc2 32.Qd6 Kf7 33.Bc5 Rc8 34.f4 exf4 35.Rxf4 Ne1 36.Bf1 Qd7 37.Qxd7+ Bxd7
38.Bf2 Nc2 39.d4 a5 40.e5 Be6 41.Bg2 Nb4 42.exf6 gxf6 43.g4 hxg4 44.Bh4 Nd5
45.Bxd5 Bxd5 46.Rxf6+ Ke8 47.hxg4 a4 48.Ra6 Ra8  1/2-1/2

[Event "chess.com SpeedChess 2023"]
[Site "chess.com INT"]
[Date "2023.09.14"]
[Round "2.10"]
[White "Caruana,F"]
[Black "Nakamura,Hi"]
[Result "1/2-1/2"]
[WhiteElo "2786"]
[BlackElo "2780"]

1.e3 e6 2.Nf3 b6 3.d4 Bb7 4.Bd3 g6 5.O-O Bg7 6.c4 d6 7.Nc3 Nd7 8.e4 Ne7 9.h3 h6
10.Re1 g5 11.d5 Ng6 12.Be3 Nde5 13.Nxe5 Bxe5 14.Rc1 h5 15.Nb5 g4 16.hxg4 hxg4
17.Qxg4 a6 18.Nd4 Rh4 19.Qd1 Bxd4 20.Bxd4 Qg5 21.Be3 Qf6 22.g3 Rh7 23.Kg2 Rg7
24.Rh1 O-O-O 25.Kf1 Qxb2 26.Be2 Rgg8 27.Bd4 Qa3 28.Rh7 Kb8 29.Qd2 Rdf8 30.Rb1 Qa4
31.dxe6 Bxe4 32.exf7 Bxb1 33.fxg8=Q Rxg8 34.Bxb6 Rc8 35.Qb2 Be4 36.Bxc7+ Ka8
37.Bb6 Bb7 38.Be3 Qc6 39.Ke1 Ne5 40.Qb6 Qxb6 41.Bxb6 Nxc4 42.Bxc4 Rxc4 43.Rh8+ Bc8
44.Be3 Kb7 45.Rh7+ Kc6 46.Rg7 Ra4 47.Kd2 Rxa2+ 48.Kc3 Ra4 49.Bd4 Be6 50.g4 Ra3+
51.Kd2 Bc4 52.Be3 d5 53.Rg6+ Kd7 54.Rg7+ Ke6 55.Rg6+ Kf7 56.Rd6 Ra1 57.g5 Rg1
58.Kc3 Rg4 59.Kb4 d4 60.Rxd4 Rxd4 61.Bxd4 Be6 62.Bf6 Bf5 63.Ka5 Kg6 64.Kxa6 Kf7
65.Ka5 Bg6 66.Kb4 Bf5 67.g6+ Kxg6 68.Be5 Be6 69.f4 Bf5 70.Bd4 Kh5 71.Kc5 Kg4
72.Kd6 Kh5 73.Ke5 Kg4 74.Kf6 Bd3 75.f5 Kf3 76.Kg5 Ke4 77.f6 Bc4 78.f7 Bxf7  1/2-1/2

[Event "chess.com SpeedChess 2023"]
[Site "chess.com INT"]
[Date "2023.09.14"]
[Round "2.11"]
[White "Nakamura,Hi"]
[Black "Caruana,F"]
[Result "1-0"]
[WhiteElo "2780"]
[BlackElo "2786"]

1.Nh3 d5 2.g3 e5 3.Bg2 Nc6 4.d3 h5 5.f3 h4 6.g4 d4 7.c4 Nge7 8.e4 dxe3 9.Bxe3 Ng6
10.O-O Bd6 11.Nd2 O-O 12.Ne4 Be7 13.f4 exf4 14.Nxf4 Nce5 15.Nxg6 fxg6 16.Rxf8+ Bxf8
17.Nf2 c6 18.b3 g5 19.d4 Ng6 20.d5 c5 21.Qc2 Nf4 22.Bxf4 gxf4 23.Qg6 Qf6
24.Qxf6 gxf6 25.Be4 Bd7 26.Kg2 Re8 27.Kf3 Bd6 28.Re1 Kg7 29.h3 a6 30.Re2 b5
31.Bf5 Rxe2 32.Kxe2 Be8 33.Ne4 Bf8 34.d6 Bc6 35.d7 Be7 36.Nxc5 Kf7 37.Be6+ Kg6
38.Bd5  1-0

[Event "chess.com SpeedChess 2023"]
[Site "chess.com INT"]
[Date "2023.09.14"]
[Round "2.12"]
[White "Caruana,F"]
[Black "Nakamura,Hi"]
[Result "0-1"]
[WhiteElo "2786"]
[BlackElo "2780"]

1.e4 a6 2.d4 e6 3.Nc3 b5 4.Nf3 Bb7 5.Bd3 d6 6.O-O Nd7 7.Re1 Ngf6 8.d5 e5
9.a4 b4 10.Na2 a5 11.c3 bxc3 12.Nxc3 Be7 13.Be3 O-O 14.Nd2 c6 15.dxc6 Bxc6
16.Rc1 Qb8 17.Nb5 Rc8 18.Qb3 d5 19.Rxc6 Rxc6 20.exd5 Nc5 21.Bxc5 Rxc5 22.Ne4 Nxe4
23.Bxe4 Ra6 24.g3 g6 25.h4 h5 26.Qe3 Rc8 27.Bf3 Bb4 28.Rd1 Rf6 29.Kg2 Kg7
30.Qe2 Bc5 31.Rc1 Bb6 32.Rxc8 Qxc8 33.Nc3 Bd4 34.Nb5 Qf5 35.d6 e4 36.Nxd4 exf3+
37.Nxf3 Qd5 38.Qe3 Rxd6 39.Qc3+ Kh7 40.b4 axb4 41.Qxb4 Rf6 42.Qc3 Rf5 43.Qe3 Qa8
44.Qa3 Kg8 45.Qb3 Ra5 46.Qe3 Rxa4 47.Qe2 Ra3 48.Qd1 Kh7 49.Qe2 Qd5 50.Qd1 Qxd1  0-1